000
00196 a2200097 4500
001
5782
100
_a
Lytel,A
245
_a
ABC's of computer programming
260
_a
_b
_c
090
_c
4754
_d
4754
942
_a
NUST-CAE
_c
M
_c
31105
999
_c
240855
_d
240855